| 000 | 00947 a2200301 4500 | ||
|---|---|---|---|
| 999 |
_c160350 _d26403 |
||
| 001 | 160350 | ||
| 003 | TR-AnTOB | ||
| 005 | 20230619095435.0 | ||
| 007 | ta | ||
| 008 | 120724q2006 tu d|||| |||| 000 0 tur d | ||
| 040 |
_aTR-AnTOB _cTR-AnTOB _erda _beng |
||
| 041 | _atur | ||
| 050 | 4 |
_aHC493 _b.M478 2006 |
|
| 090 |
_aHC493 _b.M478 2006 |
||
| 110 | 2 |
_aMerzifon Ticaret ve Sanayi Odası _9135671 |
|
| 245 | 0 | 0 |
_a2006 Yılı ekonomik raporu / _cMerzifon Ticaret ve Sanayi Odası. |
| 264 | 1 |
_a[Merzifon ?] : _bMerzifon Ticaret ve Sanayi Odası, _c2006. |
|
| 300 |
_a38 pages : _btables ; _c30 cm. |
||
| 336 |
_atext _btxt _2rdacontent |
||
| 337 |
_aunmediated _bn _2rdamedia |
||
| 338 |
_avolume _bnc _2rdacarrier |
||
| 500 | _aPhotocopy in spiral binding. | ||
| 651 | 7 |
_aMerzifon (Türkiye) _xEkonomik durum _9135672 _2etuturkob |
|
| 902 | _aT000127, T000128 | ||
| 903 | _aTOBB Özel Koleksiyonu. | ||
| 942 |
_cBK _2lcc |
||